Á lódáil...

Vittiyum Pishachukkalum tr C K S. /

Sonraí Bibleagrafaíochta
Príomhúdar: Tolstoy, Leo
Teanga:Undetermined
Foilsithe: 1957
LEADER 00382nam a2200121Ia 4500
001 46741
008 170722s9999 xx 000 0 und d
100 |a Tolstoy, Leo 
245 |a Vittiyum Pishachukkalum tr C K S. / 
260 |c 1957 
942 |c GEN 
999 |c 21660  |d 21660 
952 |0 0  |1 0  |4 0  |6 01423M28I_32J7_CR  |7 0  |9 25570  |a LIB  |b LIB  |d 2017-08-12  |o 0142,3M28,I 32J7 (CR)  |p 63399  |r 2017-08-12  |w 2017-08-12  |y GEN